[Event "C.to Italiano di Categoria C"]
[Site "Civitanova Marche ITA"]
[Date "2012.07.22"]
[Round "8"]
[White "Serafini, Gino"]
[Black "Benenati, Gianfranco"]
[WhiteElo "1849"]
[BlackElo "1916"]
[Result "1/2-1/2"]
[PlyCount "120"]
[EventDate "2012.07.15"]

1. d4 Nf6 2. Nf3 g6 3. Bf4 Bg7 4. h3 d5 5. e3 Nbd7 6. Nbd2 O-O 7. c3 c5 8. Be2
b6 9. O-O Bb7 10. a4 a5 11. Rc1 e6 12. Ne5 Nxe5 13. Bxe5 Qe7 14. Nf3 Ne4 15.
Bxg7 Kxg7 16. Ne5 f6 17. Nf3 Rac8 18. Qb3 Qd6 19. Qd1 c4 20. Ne1 f5 21. Nf3 f4
22. Ne5 fxe3 23. fxe3 Rxf1+ 24. Qxf1 Rf8 25. Qe1 Qe7 26. Bf3 Nd6 27. Qe2 Qg5
28. Re1 Bc8 29. e4 dxe4 30. Bxe4 Rf4 31. Bf3 Rh4 32. Bg4 Bb7 33. Qe3 Qe7 34. g3
Rh6 35. Rf1 Nf5 36. Qf2 Bd5 37. Kh2 Qg5 38. Qf4 Qe7 39. Be2 g5 40. Qf2 Rf6 41.
g4 Nd6 42. Qxf6+ Qxf6 43. Rxf6 Kxf6 44. Nd7+ Ke7 45. Nxb6 Kd8 46. Nxd5 exd5 47.
Bf3 Ne4 48. Bxe4 dxe4 49. Kg2 Kd7 50. Kf2 Kd6 51. Ke2 Ke6 52. Kd2 Kd5 53. Ke3
h6 54. Ke2 Kd6 55. Ke3 Kd5 56. Kd2 Kd6 57. Kc2 e3 58. Kd1 Kd5 59. Ke1 Ke4 60.
Ke2 Kf4 1/2-1/2

[Event "C.to Italiano di Categoria C"]
[Site "Civitanova Marche ITA"]
[Date "2012.07.22"]
[Round "8"]
[White "Tagliaferri, Valerio"]
[Black "Catalano, Luigi"]
[WhiteElo "1837"]
[BlackElo "1690"]
[Result "1-0"]
[PlyCount "118"]
[EventDate "2012.07.15"]

1. g3 d5 2. Bg2 e5 3. Nf3 e4 4. Nd4 Nf6 5. d3 h6 6. O-O Bc5 7. Nb3 Bd6 8. Nc3
exd3 9. cxd3 c6 10. e4 O-O 11. h3 Nbd7 12. exd5 c5 13. Ne4 Nb6 14. Nxd6 Qxd6
15. Be3 Nbd7 16. Bf4 Qa6 17. Re1 b6 18. Re7 Bb7 19. Bf3 Qa4 20. d6 Bxf3 21.
Qxf3 Rfc8 22. Nd2 Qc6 23. Qxc6 Rxc6 24. Nc4 Kf8 25. Rae1 Re8 26. Kf1 g5 27. Ne5
Nxe5 28. Rxe8+ Nxe8 29. Bxe5 Nxd6 30. f4 gxf4 31. Bxf4 h5 32. Re5 c4 33. Rd5
Ne8 34. dxc4 Rxc4 35. Rxh5 Rc2 36. Be5 Ke7 37. Bc3 Nf6 38. Re5+ Kd6 39. Re2
Rc1+ 40. Kg2 Nd5 41. Be5+ Kc6 42. Rf2 f5 43. Kh2 Nb4 44. Rxf5 Nxa2 45. Rf2 Nb4
46. Rg2 Kd5 47. Bc3 Nd3 48. h4 Ne5 49. Rd2+ Ke6 50. Re2 Rxc3 51. bxc3 a5 52. g4
Kd5 53. Kg3 Nc4 54. h5 Nd6 55. Rd2+ Ke5 56. Rxd6 Kxd6 57. h6 a4 58. h7 a3 59.
h8=Q a2 1-0

[Event "C.to Italiano di Categoria C"]
[Site "Civitanova Marche ITA"]
[Date "2012.07.22"]
[Round "8"]
[White "Tortolini, Francesco"]
[Black "Fasiello, Andrea"]
[WhiteElo "1895"]
[BlackElo "1939"]
[Result "0-1"]
[PlyCount "50"]
[EventDate "2012.07.15"]

1. e4 e5 2. Nf3 Nc6 3. Bc4 Bc5 4. c3 Nf6 5. d3 d6 6. Nbd2 a6 7. b4 Ba7 8. O-O
O-O 9. a4 Be6 10. Ng5 Bxc4 11. Nxc4 d5 12. exd5 Qxd5 13. Qf3 h6 14. Qxd5 Nxd5
15. Nf3 Nxc3 16. Ncxe5 Nxe5 17. Nxe5 Bd4 18. Re1 Ne2+ 19. Rxe2 Bxa1 20. Bb2
Bxb2 21. Rxb2 Rfe8 22. f4 Rad8 23. Rc2 c6 24. Rc3 f6 25. Nf3 Re3 0-1

[Event "C.to Italiano di Categoria C"]
[Site "Civitanova Marche ITA"]
[Date "2012.07.22"]
[Round "8"]
[White "Vilona, Leonardo"]
[Black "De Fazio, Giovanni"]
[WhiteElo "1806"]
[BlackElo "1756"]
[Result "1-0"]
[PlyCount "57"]
[EventDate "2012.07.15"]

1. d4 d5 2. c4 dxc4 3. e4 Nc6 4. Be3 Nf6 5. Nc3 a6 6. Bxc4 Ng4 7. Qf3 Nf6 8.
Nge2 Bg4 9. Qf4 Bxe2 10. Nxe2 e6 11. O-O Be7 12. Rac1 O-O 13. Rfd1 Nh5 14. Qf3
g6 15. Nf4 Nxf4 16. Qxf4 Rc8 17. Bxa6 bxa6 18. Rxc6 a5 19. Rdc1 Rb8 20. R1c2
Rb7 21. g3 g5 22. Qe5 h6 23. Qxa5 g4 24. Qh5 Bg5 25. Qxg4 f5 26. Bxg5 hxg5 27.
exf5 exf5 28. Rg6+ Kf7 29. Qxf5+ 1-0

[Event "C.to Sociale"]
[Site "Napoli ITA"]
[Date "2012.05.31"]
[Round "1"]
[White "Accardo, Francesco"]
[Black "Caporali, Dante"]
[Result "1-0"]
[WhiteElo "1838"]
[BlackElo "1706"]
[PlyCount "81"]
[EventDate "2012.05.31"]

1. g4 d5 2. Bg2 e6 3. h4 Be7 4. h5 h6 5. d3 Nc6 6. Nh3 b6 7. Nc3 Bb7 8. O-O Qd7
9. Bd2 O-O-O 10. a4 a6 11. e3 Bf6 12. f4 d4 13. Ne4 Be7 14. Kh1 Nf6 15. Ng3
dxe3 16. Bxe3 Nd5 17. Bg1 Bd6 18. Ne4 Be7 19. Rb1 Nf6 20. Nd2 Na5 21. Rf3 Bxf3
22. Qxf3 Qd5 23. Qe2 Qd7 24. b4 Nc6 25. Nc4 Nd5 26. b5 axb5 27. axb5 Nd4 28.
Bxd4 Nxf4 29. Nxf4 Qxd4 30. Qf3 Rd5 31. Nxd5 exd5 32. Qf5+ Kb8 33. Ne5 Kb7 34.
Nxf7 Rf8 35. Bxd5+ Kb8 36. Qe4 Qxe4+ 37. dxe4 c6 38. bxc6 Kc7 39. Ra1 Bc5 40.
Ra7+ Kb8 41. Rd7 1-0

[Event "C.to Sociale"]
[Site "Napoli ITA"]
[Date "2012.05.31"]
[Round "1"]
[White "Ambrosio, Giuseppe"]
[Black "Lombardo, Claudio"]
[Result "1-0"]
[WhiteElo "2070"]
[BlackElo "1880"]
[PlyCount "93"]
[EventDate "2012.05.31"]

1. d4 d5 2. c4 c6 3. Nc3 Nf6 4. e3 e6 5. Nf3 Bd6 6. Bd3 Nbd7 7. O-O O-O 8. e4
dxe4 9. Nxe4 Nxe4 10. Bxe4 Nf6 11. Bc2 h6 12. b3 Qc7 13. Bb2 Ng4 14. h3 Nh2 15.
Re1 Nxf3+ 16. Qxf3 Be7 17. Re2 f5 18. Rae1 Bf6 19. b4 Bd7 20. Bb3 Rae8 21. c5
Kh8 22. Bxe6 Bxe6 23. Rxe6 Rxe6 24. Rxe6 f4 25. Re4 Qf7 26. Qb3 Qc7 27. a4 Rd8
28. Bc1 Bxd4 29. Bxf4 Qd7 30. Bd6 Bf6 31. Qe3 Qf5 32. Re6 Qb1+ 33. Kh2 Qf5 34.
f4 h5 35. Qe4 Qxe4 36. Rxe4 Kh7 37. g4 hxg4 38. hxg4 Rd7 39. Kg3 Bc3 40. b5
cxb5 41. axb5 a5 42. Rc4 Bb4 43. c6 bxc6 44. bxc6 Rxd6 45. c7 Rd3+ 46. Kf2 Rd2+
47. Ke3 1-0

[Event "C.to Sociale"]
[Site "Napoli ITA"]
[Date "2012.05.31"]
[Round "1"]
[White "Auletta, Angelo"]
[Black "Zinnai, Graziano Matteo"]
[Result "0-1"]
[WhiteElo "2213"]
[BlackElo "1975"]
[PlyCount "78"]
[EventDate "2012.05.31"]

1. e4 e6 2. d4 d5 3. Nd2 Nf6 4. e5 Nfd7 5. Bd3 c5 6. c3 Nc6 7. Ne2 Be7 8. O-O
O-O 9. f4 f6 10. Nf3 b6 11. g4 Rf7 12. Ng3 a5 13. Qe2 fxe5 14. fxe5 cxd4 15.
cxd4 Nb4 16. Bb5 Ba6 17. Bxa6 Nxa6 18. Bd2 Nc7 19. a4 Rc8 20. Rac1 Ne8 21. Rxc8
Qxc8 22. Rc1 Qd8 23. Kg2 Nf8 24. Qa6 Ng6 25. Rc8 Qd7 26. Qa8 Rf8 27. Qc6 Nf6
28. Qxd7 Nxd7 29. Rc6 Kf7 30. Bg5 h6 31. Bd2 Nh4+ 32. Nxh4 Bxh4 33. Ne2 Ke7 34.
Nf4 Kf7 35. Nxe6 Rb8 36. Nf4 Kg8 37. Nxd5 Rd8 38. Nc3 Nxe5 39. d5 Nxc6 0-1

[Event "C.to Sociale"]
[Site "Napoli ITA"]
[Date "2012.05.31"]
[Round "1"]
[White "Baltzopoulos, Giorgos"]
[Black "Buiano, Fabio"]
[Result "0-1"]
[WhiteElo "1941"]
[BlackElo "2077"]
[PlyCount "142"]
[EventDate "2012.05.31"]

1. d4 Nf6 2. c4 c5 3. d5 Ne4 4. Qa4 g6 5. f3 Nd6 6. e4 Bg7 7. Nc3 O-O 8. Nge2
f5 9. Bf4 fxe4 10. fxe4 Bxc3+ 11. bxc3 Nxe4 12. Qc2 Nf6 13. g3 d6 14. Bg2 Bf5
15. Qb3 Qc7 16. Bh6 Re8 17. O-O Nbd7 18. Rxf5 gxf5 19. Rf1 Ng4 20. Bd2 Nge5 21.
Rxf5 Rf8 22. Rg5+ Kh8 23. Nf4 Qb6 24. Qc2 Rf7 25. Rh5 Rg8 26. Ne6 Nf6 27. Rh3
Qa6 28. Ng5 Rfg7 29. Qf5 Ng6 30. Be4 Qxa2 31. Bf4 Qa1+ 32. Bb1 Qxc3 33. Ne6
Qc1+ 34. Kg2 Nxf4+ 35. Nxf4 Qd2+ 36. Kh1 Qe1+ 37. Kg2 Qe5 38. Ne6 Qxf5 39. Bxf5
Rg4 40. Bxg4 Nxg4 41. Rh4 Nf6 42. Rf4 a5 43. Nc7 a4 44. Nb5 Ra8 45. Na3 Kg7 46.
h4 Kg6 47. Rf2 Re8 48. Rb2 Rb8 49. Rb5 b6 50. Rb2 Kf5 51. Re2 Re8 52. Rb2 Nd7
53. Nb5 Ke4 54. Ra2 Ra8 55. Re2+ Kd3 56. Rxe7 Kxc4 57. Nxd6+ Kxd5 58. Nb5 Kc4
59. Na3+ Kb4 60. Rxd7 Kxa3 61. Rb7 Ra6 62. Rxh7 Kb2 63. Rf7 a3 64. Rf2+ Kb3 65.
Rf3+ Kc4 66. Rf4+ Kd5 67. Rf1 a2 68. Ra1 b5 69. h5 b4 70. h6 b3 71. h7 Rh6 0-1

[Event "C.to Sociale"]
[Site "Napoli ITA"]
[Date "2012.05.31"]
[Round "1"]
[White "Borrelli, Salvatore"]
[Black "Messina, Enrico"]
[Result "0-1"]
[WhiteElo "1960"]
[BlackElo "2167"]
[PlyCount "76"]
[EventDate "2012.05.31"]

1. d4 c5 2. d5 e5 3. Nc3 d6 4. e4 Be7 5. Nf3 Nf6 6. Bb5+ Nbd7 7. a4 O-O 8. O-O
Ne8 9. Bd3 g6 10. Bh6 Ng7 11. Nd2 Nf6 12. Be2 Kh8 13. Nb5 Ng8 14. Be3 a6 15.
Nc3 Bg5 16. Bxg5 Qxg5 17. Nc4 Qe7 18. Nb6 Rb8 19. Nxc8 Rbxc8 20. f4 exf4 21.
Rxf4 Rce8 22. Qd3 Nf6 23. Raf1 Nd7 24. Qh3 Ne5 25. Qh6 Rg8 26. g3 g5 27. Rf6
Rd8 28. Kg2 Ne8 29. R6f2 Rg6 30. Qh3 Ng7 31. Bg4 Rg8 32. Nd1 h5 33. Bxh5 Rh6
34. g4 Nxh5 35. gxh5 g4 36. Qc3 Rxh5 37. Rf5 Rh3 38. Rxf7 Qh4 0-1

[Event "C.to Sociale"]
[Site "Napoli ITA"]
[Date "2012.05.31"]
[Round "1"]
[White "Oliveri, Aldo"]
[Black "Esposito, Rosario"]
[Result "0-1"]
[WhiteElo "1715"]
[BlackElo "1854"]
[PlyCount "112"]
[EventDate "2012.05.31"]

1. d4 Nf6 2. c4 g6 3. Nc3 d5 4. cxd5 Nxd5 5. Nf3 Bg7 6. g3 O-O 7. Bg2 c5 8. e3
Nxc3 9. bxc3 Nc6 10. O-O Qc7 11. Rb1 cxd4 12. exd4 b6 13. Re1 Bb7 14. Bf4 Qd7
15. Ne5 Nxe5 16. Bxb7 Qxb7 17. Bxe5 Rac8 18. Qb3 e6 19. c4 Qc6 20. Bxg7 Kxg7
21. Rbc1 Rfd8 22. Qc3 Kg8 23. f3 Qa4 24. a3 b5 25. Qb4 Qxb4 26. axb4 Rxc4 27.
Rxc4 bxc4 28. Rd1 c3 29. Rc1 Rc8 30. Kf2 Rc4 31. Ke3 Rxb4 32. Rxc3 a5 33. Ra3
Rb5 34. h4 h6 35. f4 Kf8 36. Kd3 Ke7 37. Kc4 Rd5 38. Rb3 h5 39. Rb7+ Rd7 40.
Rb5 Ra7 41. Kb3 Kd6 42. Ka4 Ke7 43. d5 Kd6 44. dxe6 Kxe6 45. Re5+ Kd6 46. Rb5
Rc7 47. Rxa5 Rc3 48. Rg5 Rc5 49. Kb4 Rxg5 50. hxg5 Kd5 51. Kc3 Ke4 52. Kc4 Kf3
53. Kd4 Kxg3 54. Ke5 h4 55. f5 gxf5 56. Kxf5 h3 0-1

[Event "C.to Sociale"]
[Site "Napoli ITA"]
[Date "2012.05.31"]
[Round "1"]
[White "Pastore, Pietro"]
[Black "Seletsky, Grigory"]
[Result "0-1"]
[WhiteElo "2015"]
[BlackElo "2338"]
[PlyCount "84"]
[EventDate "2012.05.31"]

1. e4 c5 2. c3 Qa5 3. Na3 Nc6 4. Nf3 Nf6 5. d3 d6 6. Bg5 e6 7. Be2 Be7 8. O-O
O-O 9. Nc4 Qc7 10. d4 d5 11. exd5 exd5 12. Ne3 Be6 13. a4 c4 14. Qc2 a6 15. Nf5
Bxf5 16. Qxf5 g6 17. Qf4 Qd8 18. Qh4 Ne4 19. Bxe7 Qxe7 20. Qxe7 Nxe7 21. Ne5
Nc6 22. f4 f6 23. Nd7 Rf7 24. Nb6 Rd8 25. f5 Ne7 26. fxg6 hxg6 27. Bf3 f5 28.
Bxe4 fxe4 29. Rxf7 Kxf7 30. Rf1+ Ke6 31. g4 a5 32. Kg2 Rh8 33. Kg3 g5 34. h3
Ng6 35. Nxd5 Kxd5 36. Rf5+ Ke6 37. Rxg5 Kf6 38. Rf5+ Kg7 39. Rxa5 e3 40. Kf3
Rxh3+ 41. Ke2 Nf4+ 42. Ke1 Rh1# 0-1

[Event "C.to Sociale"]
[Site "Napoli ITA"]
[Date "2012.05.31"]
[Round "1"]
[White "Somma, Andrea"]
[Black "Caiazzo, Diego"]
[Result "1-0"]
[WhiteElo "1807"]
[BlackElo "1871"]
[PlyCount "73"]
[EventDate "2012.05.31"]

1. e4 e6 2. d3 c5 3. Nf3 d6 4. g3 Nf6 5. Bg2 Be7 6. O-O O-O 7. c3 Nc6 8. a3 Bd7
9. Re1 Rc8 10. Nbd2 a6 11. Nb3 b5 12. d4 c4 13. Nbd2 Qc7 14. b4 cxb3 15. Nxb3
Na5 16. Nxa5 Qxa5 17. Bd2 Qc7 18. d5 e5 19. Nh4 Rfe8 20. Rc1 Ng4 21. Nf5 Bxf5
22. exf5 Nf6 23. Kh1 Qc5 24. f4 e4 25. Qe2 Qxd5 26. g4 Qc4 27. g5 Qxe2 28. Rxe2
Nd5 29. Bxe4 Nb6 30. Bb7 Rb8 31. Bxa6 Nc4 32. Rb1 Nxa3 33. Rb3 Rb6 34. Rxa3 Kf8
35. Be3 Bd8 36. Bxb6 Rxe2 37. Bxd8 1-0

[Event "C.to Sociale"]
[Site "Napoli ITA"]
[Date "2012.05.31"]
[Round "1"]
[White "Sparice, Lorenzo"]
[Black "Tesone, Crescenzo"]
[Result "0-1"]
[WhiteElo "1489"]
[BlackElo "1841"]
[PlyCount "62"]
[EventDate "2012.05.31"]

1. c4 Nf6 2. Nf3 e6 3. a3 c5 4. Nc3 Nc6 5. d4 cxd4 6. Nxd4 a6 7. e4 d6 8. h3
Be7 9. Be2 Qc7 10. O-O b6 11. b3 Bb7 12. Bf3 Ne5 13. Re1 O-O 14. Bf4 Rfd8 15.
Qb1 d5 16. exd5 Nxf3+ 17. Nxf3 Qxf4 18. dxe6 Bxf3 19. exf7+ Kxf7 20. gxf3 Bc5
21. Ne4 Bd4 22. Ra2 Re8 23. Nxf6 Bxf6 24. Rxe8 Rxe8 25. Qd1 Rd8 26. Qe2 Be5 27.
Kf1 Rd6 28. Qe4 Qc1+ 29. Ke2 Qd1+ 30. Ke3 Qe1+ 31. Re2 Qc3+ 0-1

[Event "C.to Sociale"]
[Site "Napoli ITA"]
[Date "2012.05.31"]
[Round "1"]
[White "Supino, Domenico"]
[Black "De Rosa, Francesco"]
[Result "1/2-1/2"]
[WhiteElo "2081"]
[BlackElo "1950"]
[PlyCount "92"]
[EventDate "2012.05.31"]

1. Nf3 Nf6 2. g3 d5 3. Bg2 Nc6 4. d4 Bf5 5. c3 h6 6. Nbd2 Ne4 7. O-O e6 8. Ne1
Nxd2 9. Bxd2 Bd6 10. f3 O-O 11. e4 Bg6 12. Nd3 Na5 13. Qe2 c6 14. b3 b6 15. e5
Bxd3 16. Qxd3 Be7 17. Bh3 c5 18. Rae1 c4 19. bxc4 Nxc4 20. Bc1 Rc8 21. f4 Rc6
22. f5 exf5 23. Bxf5 Bg5 24. Bxg5 Qxg5 25. e6 Rc7 26. exf7+ Kh8 27. Re8 Rcxf7
28. Rxf8+ Rxf8 29. Bh3 Qe3+ 30. Qxe3 Rxf1+ 31. Bxf1 Nxe3 32. Be2 Nf5 33. Kf2
Kg8 34. Bd3 Nd6 35. Ke3 Kf7 36. Bf1 Ne4 37. c4 Nc3 38. cxd5 Nxd5+ 39. Kf3 Kf6
40. Bc4 Nc7 41. Ke4 b5 42. Be2 b4 43. d5 Ne8 44. Kd4 Nd6 45. Kc5 Ke5 46. Bf3 a5
1/2-1/2

[Event "C.to Sociale"]
[Site "Napoli ITA"]
[Date "2012.05.31"]
[Round "1"]
[White "Taurisano, Vincenzo"]
[Black "Vannini, Aldo"]
[Result "1-0"]
[WhiteElo "1865"]
[BlackElo "1798"]
[PlyCount "89"]
[EventDate "2012.05.31"]

1. e4 e6 2. d4 d5 3. Nc3 Bb4 4. a3 Bxc3+ 5. bxc3 Ne7 6. e5 c5 7. Rb1 Qc7 8. f4
cxd4 9. cxd4 b6 10. Nf3 Ba6 11. Bxa6 Nxa6 12. Bd2 Rc8 13. c3 Qc4 14. Qe2 Qxe2+
15. Kxe2 O-O 16. a4 Nc6 17. g4 Na5 18. f5 Rc4 19. f6 Rxa4 20. Ra1 Rc4 21. h4
Rfc8 22. Ra3 Nc7 23. Rb1 Ne8 24. g5 R4c7 25. Rba1 Rc4 26. h5 Nc7 27. Rb1 Rc6
28. g6 h6 29. gxf7+ Kxf7 30. fxg7 Kxg7 31. Rg1+ Kh7 32. Rg6 Nb5 33. Rxh6+ Kg8
34. Ra1 R8c7 35. Rg1+ Rg7 36. Rxg7+ Kxg7 37. Rg6+ Kh8 38. Ng5 Nxc3+ 39. Bxc3
Rxc3 40. Nxe6 Rh3 41. h6 Rh2+ 42. Kf3 Nc6 43. Kg3 Rh1 44. Ng5 Ne7 45. Nf7+ 1-0

[Event "C.to Sociale"]
[Site "Napoli ITA"]
[Date "2012.06.07"]
[Round "2"]
[White "Accardo, Francesco"]
[Black "Baltzopoulos, Giorgos"]
[Result "0-1"]
[WhiteElo "1838"]
[BlackElo "1941"]
[PlyCount "64"]
[EventDate "2012.05.31"]

1. g4 d5 2. Bg2 e5 3. d4 e4 4. h3 h5 5. g5 Ne7 6. h4 Nf5 7. c4 c6 8. Nc3 Na6 9.
a3 Qd6 10. e3 Be7 11. Nge2 Nc7 12. Nf4 g6 13. c5 Qd8 14. b4 Ne6 15. Nfe2 f6 16.
f4 exf3 17. Bxf3 fxg5 18. e4 Nxh4 19. Rxh4 gxh4 20. exd5 cxd5 21. Qd3 Kf7 22.
Bxd5 Kg7 23. Bf4 Rf8 24. Be5+ Bf6 25. O-O-O Bxe5 26. dxe5 Qg5+ 27. Kb2 Qxe5 28.
Kb3 Nf4 29. Nxf4 Rxf4 30. Qb5 Rb8 31. Qa5 a6 32. Qd8 Bg4 0-1

[Event "C.to Sociale"]
[Site "Napoli ITA"]
[Date "2012.06.07"]
[Round "2"]
[White "Buiano, Fabio"]
[Black "Zinnai, Graziano Matteo"]
[Result "0-1"]
[WhiteElo "2077"]
[BlackElo "1975"]
[PlyCount "76"]
[EventDate "2012.05.31"]

1. e4 e6 2. d4 d5 3. Nc3 Nf6 4. Bg5 Be7 5. e5 Nfd7 6. Bxe7 Qxe7 7. f4 O-O 8.
Nf3 c5 9. dxc5 Qxc5 10. Qd2 Nc6 11. O-O-O f6 12. exf6 Nxf6 13. Bd3 Bd7 14. Rhe1
a6 15. Ne5 Nxe5 16. Rxe5 b5 17. Ne4 Qe7 18. Ng5 Qd6 19. Rde1 Rae8 20. g3 h6 21.
Nf3 b4 22. Bg6 Re7 23. h3 Be8 24. Nh4 Nd7 25. R5e2 Rf6 26. Be4 Nb6 27. Qd4 Bb5
28. Bd3 Bxd3 29. Qxd3 Nc4 30. Ng6 Rc7 31. Ne5 a5 32. Nxc4 Rxc4 33. Re5 g6 34.
h4 h5 35. Rg5 Kf7 36. Ree5 Qb6 37. Rxd5 exd5 38. Qxd5+ Qe6 0-1

[Event "C.to Sociale"]
[Site "Napoli ITA"]
[Date "2012.06.07"]
[Round "2"]
[White "Caiazzo, Diego"]
[Black "Lombardo, Claudio"]
[Result "0-1"]
[WhiteElo "1871"]
[BlackElo "1880"]
[PlyCount "88"]
[EventDate "2012.05.31"]

1. c4 d5 2. cxd5 Qxd5 3. Nc3 Qd8 4. Nf3 Nf6 5. g3 e6 6. Bg2 c6 7. O-O Be7 8. b3
O-O 9. Bb2 Nbd7 10. Qc2 Nd5 11. Nxd5 exd5 12. e3 Nf6 13. Nd4 Bd7 14. Nf5 Bxf5
15. Qxf5 Qd7 16. Qxd7 Nxd7 17. a3 Bf6 18. Rab1 Bxb2 19. Rxb2 f5 20. b4 Nb6 21.
d3 a6 22. Rb3 Rfd8 23. d4 Nc4 24. Rc1 b5 25. Bf1 Kf7 26. Bd3 Kf6 27. h4 Rd6 28.
Rbc3 a5 29. Bxc4 axb4 30. axb4 dxc4 31. Kg2 h6 32. Kf3 Ra4 33. Rb1 Rd7 34. g4
Rd5 35. Rc2 g6 36. gxf5 gxf5 37. Kf4 Rd7 38. f3 Ra3 39. Rbb2 Re7 40. e4 fxe4
41. fxe4 Rd7 42. e5+ Ke7 43. Ke4 Rd3 44. Rd2 R7xd4+ 0-1

[Event "C.to Sociale"]
[Site "Napoli ITA"]
[Date "2012.06.07"]
[Round "2"]
[White "Caporali, Dante"]
[Black "Oliveri, Aldo"]
[Result "1/2-1/2"]
[WhiteElo "1706"]
[BlackElo "1715"]
[PlyCount "136"]
[EventDate "2012.05.31"]

1. d4 d5 2. c4 e6 3. Nc3 Nf6 4. Bg5 Nbd7 5. e3 Be7 6. Nf3 O-O 7. Bd3 b6 8. Rc1
Bb7 9. cxd5 exd5 10. O-O Rc8 11. Re1 Ne4 12. Bxe7 Qxe7 13. Qe2 c5 14. dxc5 bxc5
15. Ba6 Nb6 16. Bxb7 Qxb7 17. Nxe4 dxe4 18. Nd2 f5 19. Nc4 Nxc4 20. Qxc4+ Qf7
21. Qxf7+ Rxf7 22. Rc4 Rb7 23. b3 Rb5 24. Rec1 a5 25. Kf1 Kf7 26. Ke2 Ke6 27.
R1c2 Rc6 28. f3 exf3+ 29. Kxf3 g5 30. h3 h5 31. g3 Ke5 32. R2c3 g4+ 33. hxg4
hxg4+ 34. Kf2 Kd6 35. Rf4 Ke5 36. Rcc4 Rb4 37. Ke2 Rxc4 38. Rxc4 Kd5 39. Ra4
Ra6 40. Kd3 Ra7 41. a3 Rb7 42. Kc2 Re7 43. Kd2 Rb7 44. Rf4 Rxb3 45. Rxf5+ Kc6
46. Rf4 Rxa3 47. Rxg4 Kb5 48. Rg8 a4 49. Rb8+ Kc4 50. g4 Rd3+ 51. Ke2 Kc3 52.
Ra8 Rd2+ 53. Kf3 Kb3 54. Rb8+ Ka2 55. g5 a3 56. g6 Rd7 57. Kf4 c4 58. Kf5 c3
59. Rc8 Kb2 60. Rb8+ Kc2 61. Ra8 Kd2 62. Rxa3 c2 63. Ra2 Kd1 64. Ra1+ c1=Q 65.
Rxc1+ Kxc1 66. Kf6 Kd2 67. g7 Rxg7 68. Kxg7 Kxe3 1/2-1/2

[Event "C.to Sociale"]
[Site "Napoli ITA"]
[Date "2012.06.07"]
[Round "2"]
[White "De Meo, Guido"]
[Black "Gonzini, Gianmaria"]
[Result "0-1"]
[WhiteElo "1813"]
[BlackElo "1859"]
[PlyCount "74"]
[EventDate "2012.05.31"]

1. d4 b5 2. e4 Bb7 3. d5 e6 4. dxe6 fxe6 5. Qh5+ g6 6. Qe5 Nf6 7. f3 a6 8. Bg5
Bg7 9. Nc3 O-O 10. Qc5 d6 11. Qe3 Nbd7 12. Bd3 Rf7 13. O-O-O Qf8 14. Nh3 Kh8
15. Nf4 Re8 16. Qd2 Ne5 17. Nfe2 c5 18. Ng3 Rd7 19. h4 Nf7 20. Be3 h5 21. Rhf1
d5 22. exd5 exd5 23. Bf4 Kh7 24. Rfe1 c4 25. Rxe8 Nxe8 26. Bf1 b4 27. Nce4 c3
28. Qd3 cxb2+ 29. Kb1 Bc6 30. Ng5+ Nxg5 31. Bxg5 Bb5 32. Qb3 Bxf1 33. Rxf1 Qd6
34. f4 Nc7 35. Qd3 Nb5 36. c3 bxc3 37. Nxh5 Na3# 0-1

[Event "C.to Sociale"]
[Site "Napoli ITA"]
[Date "2012.06.07"]
[Round "2"]
[White "De Rosa, Francesco"]
[Black "Auletta, Angelo"]
[Result "1/2-1/2"]
[WhiteElo "1950"]
[BlackElo "2213"]
[PlyCount "91"]
[EventDate "2012.05.31"]

1. e4 c5 2. Nf3 e6 3. d3 Nc6 4. Nbd2 g6 5. g3 Bg7 6. Bg2 Nge7 7. O-O O-O 8. Re1
d5 9. e5 Qc7 10. Qe2 Nd4 11. Nxd4 cxd4 12. Nb3 Nc6 13. Bf4 a5 14. a4 Qb6 15.
Qd1 Bd7 16. c3 Rfc8 17. Re2 Rc7 18. h4 Rac8 19. h5 h6 20. hxg6 fxg6 21. cxd4
Nxd4 22. Nxd4 Qxd4 23. Be3 Qb4 24. Bf4 g5 25. Bd2 Qb6 26. Kh2 Be8 27. Bf3 Rf7
28. Kg2 Rxf3 29. Kxf3 Bh5+ 30. g4 Rf8+ 31. Kg3 Bxe5+ 32. f4 Rxf4 33. Bxf4 Bxf4+
34. Kh3 Bg6 35. Qc2 e5 36. Qc8+ Kg7 37. Qd7+ Bf7 38. Rf1 Qd4 39. Qf5 e4 40.
Rxf4 gxf4 41. Qxf4 Qxd3+ 42. Re3 Qd1 43. Qe5+ Kh7 44. Qf5+ Kg7 45. Qe5+ Kf8 46.
Qb8+ 1/2-1/2

[Event "C.to Sociale"]
[Site "Napoli ITA"]
[Date "2012.06.07"]
[Round "2"]
[White "Esposito, Rosario"]
[Black "Pastore, Pietro"]
[Result "1/2-1/2"]
[WhiteElo "1854"]
[BlackElo "2015"]
[PlyCount "45"]
[EventDate "2012.05.31"]

1. d4 d5 2. c4 e6 3. Nc3 Nf6 4. Bg5 c5 5. cxd5 cxd4 6. Qxd4 Nc6 7. Qd1 exd5 8.
Bxf6 Qxf6 9. Nxd5 Bb4+ 10. Nxb4 Nxb4 11. Qa4+ Nc6 12. Qa3 Bd7 13. e3 O-O-O 14.
Be2 Kb8 15. Nf3 g5 16. O-O g4 17. Ne1 h5 18. Nd3 Bf5 19. Nf4 Ne5 20. Rad1 Qg5
21. Rd6 Be4 22. Rfd1 Rdg8 23. R6d4 1/2-1/2

[Event "C.to Sociale"]
[Site "Napoli ITA"]
[Date "2012.06.07"]
[Round "2"]
[White "Grasso, Nino"]
[Black "Andreoli, Mark"]
[Result "1-0"]
[WhiteElo "2010"]
[BlackElo "1967"]
[PlyCount "96"]
[EventDate "2012.05.31"]

1. e4 c5 2. d4 cxd4 3. c3 dxc3 4. Nxc3 e6 5. Nf3 Nc6 6. Bc4 Qc7 7. O-O Nf6 8.
Nb5 Qb8 9. e5 a6 10. Nd6+ Bxd6 11. exd6 b5 12. Bb3 Bb7 13. Bf4 Nb4 14. Re1 Bd5
15. Be5 Qb7 16. Nh4 Bxb3 17. Qxb3 Nbd5 18. Nf5 O-O 19. Nxg7 Kxg7 20. Qg3+ Kh8
21. Qg5 Rg8 22. Bxf6+ Nxf6 23. Qxf6+ Rg7 24. g3 Rc8 25. Rac1 Kg8 26. Rc7 Qb8
27. Rec1 Rf8 28. Rxd7 Rg6 29. Qf3 Qb6 30. Rcc7 Rg7 31. Qf6 Qa5 32. a3 Qe1+ 33.
Kg2 Rg6 34. Rxf7 Qe4+ 35. Qf3 Qxf3+ 36. Rxf3 Rd8 37. d7 Rg7 38. Rd3 Kf8 39. f4
Ke7 40. Ra7 e5 41. fxe5 Rg6 42. Kf3 Rc6 43. b4 Ke6 44. Ke4 h5 45. h3 Rc4+ 46.
Rd4 Rc6 47. g4 hxg4 48. hxg4 Ke7 1-0

[Event "C.to Sociale"]
[Site "Napoli ITA"]
[Date "2012.06.07"]
[Round "2"]
[White "Messina, Enrico"]
[Black "Ambrosio, Giuseppe"]
[Result "1-0"]
[WhiteElo "2167"]
[BlackElo "2070"]
[PlyCount "51"]
[EventDate "2012.05.31"]

1. e4 c5 2. d4 cxd4 3. c3 dxc3 4. Nxc3 Nc6 5. Bc4 e6 6. Nf3 d6 7. O-O Nf6 8.
Qe2 Be7 9. Rd1 e5 10. h3 O-O 11. Bg5 Be6 12. Bxf6 gxf6 13. Nd5 f5 14. exf5 Bxf5
15. Rac1 Kh8 16. Rc3 Rg8 17. Kh2 Rg6 18. b4 e4 19. b5 exf3 20. Rxf3 Be6 21.
bxc6 bxc6 22. Nf4 Rf6 23. Bxe6 fxe6 24. Nxe6 Qd7 25. Re1 Re8 26. Qb2 1-0

[Event "C.to Sociale"]
[Site "Napoli ITA"]
[Date "2012.06.07"]
[Round "2"]
[White "Rosato, Luciano"]
[Black "Ficco, Corrado"]
[Result "0-1"]
[WhiteElo "2253"]
[BlackElo "2079"]
[PlyCount "142"]
[EventDate "2012.05.31"]

1. Nf3 d5 2. d4 e6 3. e3 c5 4. b3 Nf6 5. Bb2 Nc6 6. Bd3 Qc7 7. O-O Bd6 8. c4
cxd4 9. exd4 dxc4 10. bxc4 O-O 11. Nc3 a6 12. Rc1 Bf4 13. Rb1 Nb4 14. Be2 Rd8
15. Qb3 Nc6 16. Rfd1 b6 17. Ba3 Rb8 18. Qc2 Na5 19. g3 Bd6 20. c5 Bf8 21. cxb6
Rxb6 22. Rxb6 Qxb6 23. Na4 Qc6 24. Qxc6 Nxc6 25. Bxf8 Kxf8 26. Nc5 a5 27. Bb5
Na7 28. a4 Nd5 29. Rc1 f6 30. Kf1 Nb4 31. Ke2 g5 32. Ke3 Ke7 33. Nd2 Nd5+ 34.
Ke2 Nc7 35. Nb7 Ncxb5 36. Nxd8 Nxd4+ 37. Kd3 e5 38. Rc7+ Kxd8 39. Rxa7 Nc6 40.
Rf7 Bf5+ 41. Kc4 Be6+ 42. Kc5 Bxf7 43. Kxc6 Be8+ 44. Kd6 Bxa4 45. Nc4 Ke8 46.
Nxa5 Kf7 47. Nc4 Kg6 48. Ne3 Bb3 49. Ke7 h5 50. Kd6 g4 51. Kc5 Kg5 52. Kb4 Be6
53. Kc3 f5 54. Kd2 f4 55. Ng2 Bc4 56. Ke1 Bd5 57. Nh4 Be4 58. Ke2 Kf6 59. Ke1
Ke6 60. Ke2 Kd5 61. Ke1 Kc4 62. Ke2 f3+ 63. Ke3 Kd5 64. Kd2 Kd4 65. Kd1 Kd3 66.
Ke1 Kc3 67. Kd1 Kd3 68. Ke1 Kc2 69. Kf1 Kd1 70. Kg1 Ke1 71. h3 gxh3 0-1

[Event "C.to Sociale"]
[Site "Napoli ITA"]
[Date "2012.06.07"]
[Round "2"]
[White "Solombrino, Giovanni"]
[Black "Taurisano, Vincenzo"]
[Result "1-0"]
[WhiteElo "1822"]
[BlackElo "1865"]
[PlyCount "59"]
[EventDate "2012.05.31"]

1. e4 d6 2. d4 Nf6 3. Nc3 g6 4. Nf3 Bg7 5. Be2 O-O 6. O-O c5 7. Be3 Ng4 8. Bg5
Nc6 9. d5 Nce5 10. Nxe5 Nxe5 11. f4 Nd7 12. Qd2 Bd4+ 13. Kh1 Nf6 14. Bf3 Qa5
15. a3 Re8 16. b4 Qb6 17. Rab1 Bd7 18. Rfe1 Rac8 19. Ne2 Bf2 20. Rf1 c4 21. c3
Be3 22. Qc2 Ng4 23. Bxg4 Bxg4 24. h3 Bd7 25. Bh4 Qa6 26. Rf3 Ba4 27. Qb2 Bb6
28. f5 e5 29. Qd2 Red8 30. Qh6 1-0